Unleashing young people's creativity and innovation european good practice projects

Gespeichert in:
Bibliographische Detailangaben
Format: Buch
Sprache:Englisch
Veröffentlicht: Luxembourg Publications Office of the European Union 2015
Schriftenreihe:Youth
Schlagworte:
Tags: Tag hinzufügen
Keine Tags, Fügen Sie das erste Tag hinzu!

MARC

LEADER 00000nam a2200000 4500
001 0214631
005 20240314123601.1
020 |a 978-92-79-40163-3 
041 0 |a eng 
044 |a LU 
245 1 0 |a Unleashing young people's creativity and innovation  |b european good practice projects 
264 1 |a Luxembourg  |b Publications Office of the European Union  |c 2015 
300 |a 80 s. 
490 1 |a Youth 
830 0 |a Youth 
610 2 0 |a mládež 
610 2 0 |a trh práce 
610 2 0 |a zamestnanosť 
610 2 0 |a migrácia 
610 2 0 |a vzdelávanie vysokoškolské